[Event "USCF 2000 Absolute-ch corr"]
[Site "USA"]
[Date "2001.??.??"]
[Round "?"]
[White "Boland, John"]
[Black "Schakel, Corky"]
[Result "0-1"]
[WhiteElo "2310"]
[BlackElo "2429"]
[PlyCount "62"]
[EventDate "2001.??.??"]
[EventType "tourn (corr)"]
[EventRounds "12"]
[EventCountry "USA"]
[SourceTitle "Corr 2006"]
[Source "ChessBase"]
[SourceDate "2006.04.01"]
[SourceVersion "3"]
[SourceVersionDate "2006.04.01"]
[SourceQuality "1"]

1. e4 e6 2. Nf3 d5 3. Nc3 d4 4. Ne2 c5 5. c3 Nf6 6. e5 Nfd7 7. cxd4 cxd4 8. Qa4 Nc6 9. Nexd4 Ndxe5 10. Bb5 Bd7 11. Nxc6 Nxc6 12. 0-0 a6 13. Be2 Bd6 14. Qe4 0-0 15. d4 Rc8 16. Bd2 Qf6 17. Rac1 Qg6 18. Qe3 Qf5 19. Bd3 Qh5 20. h3 f6 21. Bc4 Rce8 22. a3 Nd8 23. Rfe1 Bc6 24. Qb3 Bxf3 25. Qxf3 Qxf3 26. gxf3 Kh8 27. Bc3 f5 28. Rcd1 b5 29. Bb3 Rf6 30. d5 e5 31. Bc2 Nb7 0-1